| 000 | 00730cam a2200217 4500 | ||
|---|---|---|---|
| 001 | ABS62095 | ||
| 008 | 000000n2000 000 0 eng u | ||
| 035 | _a(Sirsi) u104752 | ||
| 100 | _aWebber, G. | ||
| 245 | _aLease renewals and the CPR(1) | ||
| 260 | _c2000 | ||
| 490 |
_aSolicitors' Journal _v144(6) 18 February 2000, 136-137(2) |
||
| 520 | _aFirst in a two-part series. Introduces general points of interest which apply in lease renewal claims and looks at the procedure in the High Court. | ||
| 590 | _aABS | ||
| 650 | _aCIVIL PROCEDURE RULES 1998 | ||
| 650 | _aLEASE RENEWAL | ||
| 650 | _aHIGH COURT PROCEDURE | ||
| 650 | _aLANDLORD AND TENANT ACT 1954 | ||
| 690 | _aLANDLORD AND TENANT-LEASES | ||
| 942 | _n0 | ||
| 999 |
_c62842 _d62842 |
||